000 00494nmm a2200169Ia 4500
008 251105s9999||||xx |||||||||||||||||und||
020 _a9788471485922
041 _aspa
100 _aAlvira Palacios, Mikel
245 0 _aEl color de las mareas
264 _a[Madrid, España] :
_bElkar,
_c[Fecha de publicación no identificada]
300 _a516 páginas
490 _aNarrativa
650 _aHistorical fiction
856 _uhttps://public.digitaliapublishing.com/a/99279
942 _cCF
999 _c84821
_d84821